[Event "Hessenliga 0506"]
[White "Rapoport, Vladimir"]
[Black "Kloninger, Paul"]
[Site "Germany"]
[Round "8.1"]
[Result "0-1"]
[Date "2006.02.12"]
[WhiteElo "2254"]
[BlackElo "2244"]
[PlyCount "60"]
[EventDate "2005.09.11"]
[EventType "team-tourn"]
[EventRounds "11"]
[EventCountry "GER"]
[SourceTitle "EXT 2007"]
[Source "ChessBase"]
[SourceDate "2006.11.23"]
[SourceVersion "1"]
[SourceVersionDate "2006.11.23"]
[SourceQuality "1"]
[WhiteTeam "Oberursel II"]
[BlackTeam "Fulda"]
[WhiteTeamCountry "GER"]
[BlackTeamCountry "GER"]

1. Nf3 d5 2. g3 Nf6 3. Bg2 c6 4. 0-0 Nbd7 5. d4 g6 6. Nbd2 Bg7 7. c4 0-0 8. Qc2 Re8 9. Rd1 Nb6 10. c5 Nbd7 11. b4 e5 12. dxe5 Ng4 13. Bb2 Ndxe5 14. Nxe5 Nxe5 15. Nb3 Qe7 16. Nd4 Nc4 17. Bc3 Bg4 18. h3 Bd7 19. Kh2 h5 20. e3 h4 21. g4 a5 22. a3 Nxe3 23. fxe3 Qxe3 24. Rac1 axb4 25. axb4 Be5+ 26. Kh1 Qg3 27. Nf3 Bxc3 28. Qxc3 Ra2 29. Rg1 Ree2 30. Ne1 Re3 0-1

[Event "Hessenliga 0506"]
[White "Duncker, Joachim"]
[Black "Kloninger, Paul"]
[Site "Germany"]
[Round "7.2"]
[Result "1/2-1/2"]
[Date "2006.01.15"]
[WhiteElo "2262"]
[BlackElo "2244"]
[PlyCount "69"]
[EventDate "2005.09.11"]
[EventType "team-tourn"]
[EventRounds "11"]
[EventCountry "GER"]
[SourceTitle "EXT 2007"]
[Source "ChessBase"]
[SourceDate "2006.11.23"]
[SourceVersion "1"]
[SourceVersionDate "2006.11.23"]
[SourceQuality "1"]
[WhiteTeam "Marburg"]
[BlackTeam "Fulda"]
[WhiteTeamCountry "GER"]
[BlackTeamCountry "GER"]

1. d4 d5 2. c4 c6 3. Nc3 Nf6 4. e3 e6 5. Nf3 Nbd7 6. cxd5 exd5 7. Bd3 Bd6 8. 0-0 0-0 9. Nh4 Nb6 10. Nf5 Bxf5 11. Bxf5 Re8 12. g3 a5 13. b3 Qe7 14. a4 g6 15. Bh3 Ne4 16. Ne2 f5 17. f3 Nf6 18. Qd3 Nbd7 19. Nc3 Nf8 20. Ra2 Bb4 21. Nd1 Ne6 22. Kh1 Nc7 23. Bg2 Na6 24. Re2 Bd6 25. Bd2 Nb4 26. Bxb4 axb4 27. Rfe1 Qg7 28. Nf2 Re7 29. e4 fxe4 30. fxe4 dxe4 31. Nxe4 Nxe4 32. Rxe4 Rae8 33. Rxe7 Rxe7 34. Rxe7 Qxe7 35. Qe4 1/2-1/2

[Event "Bad Zwesten op 9th"]
[White "Foermes, Alexander"]
[Black "Kloninger, Paul"]
[Site "Bad Zwesten"]
[Round "7"]
[Result "0-1"]
[Date "2005.01.06"]
[WhiteElo "2031"]
[BlackElo "2257"]
[PlyCount "134"]
[EventDate "2005.01.02"]
[EventType "swiss"]
[EventRounds "9"]
[EventCountry "GER"]
[SourceTitle "CBM 104 Extra"]
[Source "ChessBase"]
[SourceDate "2005.03.01"]
[SourceVersion "1"]
[SourceVersionDate "2005.03.01"]
[SourceQuality "1"]

1. c4 Nf6 2. Nc3 e5 3. g3 Bb4 4. Bg2 c6 5. e4 d6 6. a3 Bxc3 7. dxc3 Bg4 8. Qd3 Qe7 9. Be3 0-0 10. Ne2 Nbd7 11. h3 Be6 12. 0-0 Nc5 13. Bxc5 dxc5 14. b3 Rfd8 15. Qc2 b5 16. cxb5 cxb5 17. Rfd1 c4 18. b4 a5 19. Rxd8+ Rxd8 20. Rd1 h5 21. Kf1 axb4 22. axb4 h4 23. g4 Bc8 24. Ke1 Bb7 25. Rxd8+ Qxd8 26. f3 Qe7 27. Qd2 Ne8 28. Qe3 Nd6 29. Qc5 Kf8 30. Qe3 g6 31. Qh6+ Kg8 32. g5 Ne8 33. Qxh4 Ng7 34. Qg4 Nh5 35. h4 Qd6 36. Nc1 Bc6 37. Bh3 Nf4 38. Bf1 Bd7 39. Qg1 Qa6 40. Qe3 Qa1 41. Kd1 Qa4+ 42. Ke1 Be6 43. Qd2 Qa7 44. Qf2 Qe7 45. Qd2 Kh7 46. Kd1 Qa7 47. Ke1 Bh3 48. Bxh3 Nxh3 49. Qe2 Nf4 50. Qf2 Qa1 51. Qd2 Kg7 52. Kd1 Qa4+ 53. Ke1 Qa7 54. Qf2 Qa1 55. Qd2 Nd3+ 56. Kd1 Qb1 57. Qe3 Nxc1 58. Qxc1 Qd3+ 59. Ke1 Qxf3 60. Qc2 Qh1+ 61. Ke2 Qxh4 62. Kf3 Qh3+ 63. Ke2 Qg2+ 64. Kd1 Qg1+ 65. Ke2 Qxg5 66. Kf3 Qf4+ 67. Kg2 Qe3 0-1

[Event "Hessenliga 0405"]
[White "Kloninger, Paul"]
[Black "Zude, Erik"]
[Site "Germany"]
[Round "2.1"]
[Result "1/2-1/2"]
[Date "2004.10.17"]
[WhiteElo "2252"]
[BlackElo "2378"]
[PlyCount "134"]
[EventDate "2004.09.26"]
[EventType "team-tourn"]
[EventRounds "9"]
[EventCountry "GER"]
[SourceTitle "EXT 2006"]
[Source "ChessBase"]
[SourceDate "2005.11.24"]
[SourceVersion "1"]
[SourceVersionDate "2005.11.24"]
[SourceQuality "1"]
[WhiteTeam "Fulda"]
[BlackTeam "Hofheim II"]
[WhiteTeamCountry "GER"]
[BlackTeamCountry "GER"]

1. e4 d6 2. d4 Nf6 3. Nc3 g6 4. Bg5 Bg7 5. Qd2 h6 6. Bh4 g5 7. Bg3 Nh5 8. Bc4 Nc6 9. Nge2 e6 10. a3 Bd7 11. f3 Nxg3 12. hxg3 a6 13. Ba2 Qe7 14. d5 Ne5 15. dxe6 fxe6 16. 0-0-0 0-0-0 17. g4 Rhf8 18. Kb1 Ng6 19. Rde1 Nh4 20. Rhg1 Be5 21. Nc1 Qg7 22. Nd3 Bd4 23. Rh1 Bxc3 24. bxc3 Kb8 25. Re3 Ng6 26. Kb2 Bc8 27. Bb3 Ne7 28. Ka2 Nc6 29. Nb2 Rf6 30. Rb1 Qh8 31. Ba4 Ne5 32. c4 Qg7 33. Qc3 c5 34. Nd3 Qc7 35. Nxe5 dxe5 36. Rd3 Rd4 37. Rh1 Qd8 38. Rb1 Rf8 39. Rh1 Rh8 40. Qd2 Qd6 41. Qe2 Qd8 42. Rhd1 Qa5 43. Bb3 Rhd8 44. c3 Rxd3 45. Rxd3 Rxd3 46. Qxd3 Qc7 47. Ba4 Qe7 48. Kb3 Kc7 49. Kb2 Qf7 50. Qe3 b6 51. g3 Kd6 52. Qd3+ Ke7 53. Qe3 Qf8 54. Bc6 Qd8 55. Ba4 Qd6 56. Qe2 Qd8 57. Qe3 Qf8 58. Bc6 Qf7 59. Ba4 Qg6 60. Qd2 Qf6 61. Qe3 Qf8 62. Bc6 Qd8 63. Ba4 Qd6 64. Qe2 Kf7 65. Qh2 Kg7 66. Qe2 Qd8 67. Qe3 Qd6 1/2-1/2

[Event "Hessenliga 0203"]
[White "Kloninger, Paul"]
[Black "Degenhardt, Horst"]
[Site "Germany"]
[Round "6.1"]
[Result "0-1"]
[Date "2003.02.02"]
[WhiteElo "2241"]
[BlackElo "2310"]
[PlyCount "92"]
[EventDate "2002.10.??"]
[EventType "team-tourn"]
[EventRounds "9"]
[EventCountry "GER"]
[SourceTitle "EXT 2004"]
[Source "ChessBase"]
[SourceDate "2003.11.25"]
[SourceVersion "1"]
[SourceVersionDate "2003.11.25"]
[SourceQuality "1"]
[WhiteTeam "Fulda"]
[BlackTeam "Lorsch"]
[WhiteTeamCountry "GER"]
[BlackTeamCountry "GER"]

1. d4 Nf6 2. Bg5 Ne4 3. Bf4 c5 4. f3 Qa5+ 5. c3 Nf6 6. d5 Qb6 7. b3 e6 8. e4 exd5 9. exd5 Bd6 10. Bxd6 Qxd6 11. c4 0-0 12. Nc3 Re8+ 13. Nge2 Qe5 14. Rc1 d6 15. Qd2 a6 16. Kf2 b5 17. Ng3 b4 18. Na4 Bd7 19. Nb6 Ra7 20. Re1 Qxe1+ 21. Qxe1 Rxe1 22. Kxe1 a5 23. Bd3 a4 24. Bc2 axb3 25. Bxb3 g6 26. Nxd7 Nbxd7 27. Kd2 Nb6 28. Re1 Kf8 29. Kc2 h5 30. Nf1 Re7 31. Rxe7 Kxe7 32. Kb2 h4 33. a4 bxa3+ 34. Kxa3 Nh5 35. Kb2 Nf4 36. g3 hxg3 37. hxg3 Ne2 38. g4 Kf6 39. Nd2 Ke5 40. Bd1 Nd4 41. Kc3 f5 42. gxf5 gxf5 43. Nb1 Kf4 44. Na3 Ke3 45. Nc2+ Nxc2 46. Bxc2 f4 0-1

[Event "Hessenliga 0203"]
[White "Kloninger, Paul"]
[Black "Kuech, Holger"]
[Site "Germany"]
[Round "3.1"]
[Result "1/2-1/2"]
[Date "2002.11.10"]
[WhiteElo "2241"]
[BlackElo "2211"]
[PlyCount "96"]
[EventDate "2002.10.??"]
[EventType "team-tourn"]
[EventRounds "9"]
[EventCountry "GER"]
[SourceTitle "EXT 2004"]
[Source "ChessBase"]
[SourceDate "2003.11.25"]
[SourceVersion "1"]
[SourceVersionDate "2003.11.25"]
[SourceQuality "1"]
[WhiteTeam "Fulda"]
[BlackTeam "Eppstein"]
[WhiteTeamCountry "GER"]
[BlackTeamCountry "GER"]

1. d4 d5 2. Nf3 c6 3. Bg5 h6 4. Bh4 Qb6 5. Qc1 Bf5 6. Nbd2 Nd7 7. e3 e6 8. Be2 Ngf6 9. 0-0 Be7 10. c4 c5 11. b3 0-0 12. Qb2 Bh7 13. Ne5 Rfd8 14. cxd5 exd5 15. Nxd7 Rxd7 16. Nf3 c4 17. Bxf6 Bxf6 18. Qc3 Rc7 19. bxc4 Rac8 20. c5 Qe6 21. Qb3 b6 22. cxb6 Rc3 23. b7 Rxb3 24. bxc8Q+ Qxc8 25. axb3 Qb8 26. Rfc1 Bf5 27. Bd1 Be4 28. h3 Kh7 29. Rc5 Be7 30. Rca5 Bb4 31. Rxa7 Bc3 32. R1a2 f6 33. Rd7 Bb4 34. Raa7 Bf8 35. Rdc7 Qb4 36. Bc2 Bxc2 37. Rxc2 Qxb3 38. Rc1 Ba3 39. Rf1 Bb2 40. Rc7 Kg8 41. Rb1 Qa2 42. Nd2 Bxd4 43. exd4 Qxd2 44. Rbb7 Qe1+ 45. Kh2 Qxf2 46. Rxg7+ Kf8 47. Rgc7 Qf4+ 48. Kh1 Qf1+ 1/2-1/2

[Event "Hessenliga 0203"]
[White "Marchio, Enrico"]
[Black "Kloninger, Paul"]
[Site "Germany"]
[Round "2.1"]
[Result "0-1"]
[Date "2002.10.27"]
[WhiteElo "2288"]
[BlackElo "2241"]
[PlyCount "108"]
[EventDate "2002.10.??"]
[EventType "team-tourn"]
[EventRounds "9"]
[EventCountry "GER"]
[SourceTitle "EXT 2004"]
[Source "ChessBase"]
[SourceDate "2003.11.25"]
[SourceVersion "1"]
[SourceVersionDate "2003.11.25"]
[SourceQuality "1"]
[WhiteTeam "Schoeneck II"]
[BlackTeam "Fulda"]
[WhiteTeamCountry "GER"]
[BlackTeamCountry "GER"]

1. c4 Nf6 2. Nc3 d5 3. cxd5 Nxd5 4. Nf3 g6 5. e4 Nxc3 6. dxc3 Qxd1+ 7. Kxd1 Bg7 8. h3 Nd7 9. Bc4 Ne5 10. Nxe5 Bxe5 11. Bh6 Rg8 12. h4 Bd7 13. a4 Bc6 14. f3 Bg7 15. Bf4 0-0-0+ 16. Kc2 Rgf8 17. h5 e6 18. b4 Bf6 19. b5 Bd7 20. hxg6 hxg6 21. Rh7 g5 22. Bg3 Be7 23. Rah1 Bd6 24. Bxd6 cxd6 25. Rg7 g4 26. Rxg4 d5 27. Be2 e5 28. Rg7 dxe4 29. fxe4 Rg8 30. Rhh7 Be6 31. Bh5 Rxg7 32. Rxg7 Rf8 33. Rg5 Kd7 34. Rxe5 f6 35. Rc5 Kd6 36. Rd5+ Bxd5 37. exd5 b6 38. Bf3 Rh8 39. Kb3 Rh4 40. Ka3 Kc5 41. Kb3 Rh1 42. Kb2 Re1 43. Ka2 Rf1 44. Kb3 Rf2 45. c4 Rd2 46. Kc3 Ra2 47. Kb3 Ra1 48. Be2 Re1 49. Bf3 Re3+ 50. Kb2 Rd3 51. Kb1 Rd4 52. Be2 Rd2 53. Bf3 Kxc4 54. Kc1 Kc3 0-1

[Event "Hessenliga 0102"]
[White "Kloninger, Paul"]
[Black "Kuech, Holger"]
[Site "Germany"]
[Round "5.1"]
[Result "1-0"]
[Date "2002.01.27"]
[WhiteElo "2218"]
[BlackElo "2211"]
[PlyCount "123"]
[EventDate "2001.10.??"]
[EventType "team-tourn"]
[EventRounds "9"]
[EventCountry "GER"]
[SourceTitle "EXT 2003"]
[Source "ChessBase"]
[SourceDate "2002.11.25"]
[SourceVersion "1"]
[SourceVersionDate "2002.11.25"]
[SourceQuality "1"]
[WhiteTeam "Fulda"]
[BlackTeam "Eppstein"]
[WhiteTeamCountry "GER"]
[BlackTeamCountry "GER"]

1. d4 d5 2. Nf3 c6 3. e3 f5 4. Bd3 Nf6 5. 0-0 e6 6. b3 Be7 7. c4 0-0 8. Ba3 Bd7 9. Bxe7 Qxe7 10. Nbd2 Ne4 11. Ne5 Be8 12. f3 Nxd2 13. Qxd2 Nd7 14. Nxd7 Qxd7 15. b4 Rd8 16. f4 a6 17. a4 Qc7 18. Qc2 Rf7 19. g4 g6 20. g5 Rc8 21. Rfc1 Re7 22. Qb3 Kf7 23. Rc2 Qd8 24. h4 Rec7 25. Rh2 Kg8 26. c5 h5 27. b5 cxb5 28. axb5 axb5 29. Bxb5 Bc6 30. Bxc6 bxc6 31. Rb2 Kf7 32. Ra6 Ke7 33. Qa4 Kd7 34. Rbb6 Qf8 35. Kf2 Qd8 36. Ke2 Qe7 37. Ra7 Rxa7 38. Qxa7+ Rc7 39. Qa8 Qd8 40. Rb8 Rc8 41. Qa7+ Ke8 42. Rb7 Ra8 43. Qb6 Qxb6 44. Rxb6 Ra2+ 45. Kf3 Kd7 46. Rb7+ Kd8 47. Rg7 Rh2 48. Rxg6 Ke7 49. Rg7+ Kf8 50. Rc7 Rh3+ 51. Ke2 Rxh4 52. Rxc6 Ke7 53. Rc7+ Ke8 54. Rh7 Rh2+ 55. Kf3 Rh3+ 56. Kf2 Rh2+ 57. Kg3 Rh1 58. c6 Kd8 59. c7+ Kc8 60. Re7 h4+ 61. Kg2 Re1 62. g6 1-0

[Event "Hessenliga 0102"]
[White "Kloninger, Paul"]
[Black "Degenhardt, Horst"]
[Site "Germany"]
[Round "2.1"]
[Result "1-0"]
[Date "2001.10.21"]
[WhiteElo "2218"]
[BlackElo "2335"]
[PlyCount "93"]
[EventDate "2001.10.??"]
[EventType "team-tourn"]
[EventRounds "9"]
[EventCountry "GER"]
[SourceTitle "EXT 2003"]
[Source "ChessBase"]
[SourceDate "2002.11.25"]
[SourceVersion "1"]
[SourceVersionDate "2002.11.25"]
[SourceQuality "1"]
[WhiteTeam "Fulda"]
[BlackTeam "Lorsch"]
[WhiteTeamCountry "GER"]
[BlackTeamCountry "GER"]

1. d4 Nf6 2. Bg5 d5 3. Nd2 c5 4. dxc5 Na6 5. e3 Nxc5 6. Bxf6 gxf6 7. b4 Ne6 8. Ngf3 Nc7 9. Be2 e5 10. c3 Bg7 11. 0-0 0-0 12. a4 f5 13. g3 Ne6 14. Nb3 a6 15. Qd2 b6 16. a5 b5 17. Nh4 Ng5 18. Nc5 Ne4 19. Nxe4 dxe4 20. Qxd8 Rxd8 21. c4 bxc4 22. Bxc4 Be6 23. Rac1 Bf8 24. Bxe6 fxe6 25. Rc6 Rd6 26. Rfc1 Rad8 27. Rxd6 Rxd6 28. Kg2 Kf7 29. Rc7+ Be7 30. Rb7 Rc6 31. b5 axb5 32. Rxb5 Kf6 33. f3 Rc2+ 34. Kh3 Rc3 35. fxe4 fxe4 36. Ng2 Bc5 37. a6 Ba7 38. Rb7 Bd4 39. exd4 exd4 40. Rb4 Ra3 41. Rxd4 Ke5 42. Rd7 e3 43. Rxh7 e2 44. Rd7 Ke4 45. a7 Ra4 46. Rd2 Kf3 47. Rd4 1-0

[Event "Hessenliga 0001"]
[White "Kloninger, Paul"]
[Black "Wichmann, Daniel"]
[Site "Hessen"]
[Round "7.2"]
[Result "1-0"]
[Date "2001.03.04"]
[WhiteElo "2206"]
[BlackElo "2230"]
[PlyCount "77"]
[EventDate "2000.10.??"]
[EventType "team-tourn"]
[EventRounds "9"]
[EventCountry "GER"]
[SourceTitle "EXT 2002"]
[Source "ChessBase"]
[SourceDate "2001.11.25"]
[SourceVersion "1"]
[SourceVersionDate "2001.11.25"]
[SourceQuality "1"]

1. d4 f5 2. Nc3 d5 3. Bg5 g6 4. h4 Bg7 5. e3 c6 6. h5 h6 7. Bf4 g5 8. Bg3 Nf6 9. Nf3 Be6 10. Bd3 Ne4 11. Bxe4 fxe4 12. Ne5 0-0 13. Ng6 Rf5 14. Qd2 Nd7 15. 0-0-0 Bf7 16. Ne5 Nxe5 17. Bxe5 Bxe5 18. dxe5 Rxe5 19. f4 exf3 20. gxf3 Rf5 21. f4 e5 22. fxg5 Rxg5 23. Ne4 Rg7 24. Rhf1 Qe7 25. Nf6+ Kh8 26. e4 Rg5 27. Rf5 Qf8 28. Rxg5 hxg5 29. Qxg5 Qg7 30. Qxe5 Re8 31. Qf4 Rf8 32. h6 Qg6 33. Nd7 Re8 34. Ne5 Rxe5 35. Qxe5+ Kh7 36. exd5 Qxh6+ 37. Kb1 Bxd5 38. Rg1 Qe6 39. Qg7# 1-0

[Event "Hessenliga 0001"]
[White "Kloninger, Paul"]
[Black "Degenhardt, Horst"]
[Site "Hessen"]
[Round "4.1"]
[Result "1/2-1/2"]
[Date "2000.12.10"]
[WhiteElo "2206"]
[BlackElo "2361"]
[PlyCount "54"]
[EventDate "2000.10.??"]
[EventType "team-tourn"]
[EventRounds "9"]
[EventCountry "GER"]
[SourceTitle "EXT 2002"]
[Source "ChessBase"]
[SourceDate "2001.11.25"]
[SourceVersion "1"]
[SourceVersionDate "2001.11.25"]
[SourceQuality "1"]

1. d4 Nf6 2. Nf3 g6 3. Bg5 Bg7 4. Nbd2 d6 5. e4 h6 6. Bxf6 Bxf6 7. c3 e5 8. dxe5 dxe5 9. Be2 0-0 10. 0-0 Be6 11. Qc2 Nd7 12. Rfd1 Qe7 13. Bc4 Rfd8 14. Bxe6 Qxe6 15. Nf1 c6 16. h3 Nb6 17. b3 Qe7 18. Rxd8+ Rxd8 19. Rd1 Rd7 20. Ne3 Bg7 21. Rxd7 Qxd7 22. a4 Qc7 23. b4 Nd7 24. Nc4 Bf8 25. Qd3 Kg7 26. h4 h5 27. g3 f6 1/2-1/2

[Event "Hessenliga 9900"]
[White "Degenhardt, Horst"]
[Black "Kloninger, Paul"]
[Site "Hessen"]
[Round "6.1"]
[Result "1/2-1/2"]
[Date "2000.02.13"]
[WhiteElo "2355"]
[BlackElo "2183"]
[PlyCount "86"]
[EventDate "1999.09.26"]
[EventType "team-tourn"]
[EventRounds "11"]
[EventCountry "GER"]
[SourceTitle "EXT 2002"]
[Source "ChessBase"]
[SourceDate "2001.11.25"]
[SourceVersion "1"]
[SourceVersionDate "2001.11.25"]
[SourceQuality "1"]

1. c4 Nf6 2. Nc3 d5 3. cxd5 Nxd5 4. Nf3 c6 5. d4 g6 6. e4 Nb6 7. h3 Bg7 8. Be2 0-0 9. 0-0 Be6 10. Bf4 Na6 11. Bxa6 bxa6 12. Na4 Nxa4 13. Qxa4 Qb6 14. b3 c5 15. dxc5 Qxc5 16. Rac1 Qb5 17. Qa3 Rfe8 18. Rc7 h6 19. Rxe7 Rec8 20. Rc7 Rxc7 21. Bxc7 Qc6 22. Bd6 Qxe4 23. Re1 Qd5 24. Ne5 Rd8 25. Nc4 Qc6 26. Be7 Rd7 27. Ne3 Bd4 28. Bb4 Bxe3 29. Rxe3 Rd1+ 30. Re1 Rxe1+ 31. Bxe1 Qe4 32. Qa5 Qd3 33. Qe5 Qb1 34. Kh2 Qf5 35. Qb8+ Kg7 36. Bc3+ f6 37. Qxa7+ Bf7 38. Bd4 Qf4+ 39. g3 Qf3 40. Qb6 Bd5 41. Qc7+ Kg8 42. Qd8+ Kh7 43. Qe7+ Kg8 1/2-1/2

[Event "Bad Zwesten op 4th"]
[White "Kloninger, Paul"]
[Black "Schroeder, Juergen"]
[Site "Bad Zwesten"]
[Round "3"]
[Result "1/2-1/2"]
[Date "2000.01.03"]
[WhiteElo "2183"]
[BlackElo "1954"]
[PlyCount "73"]
[EventDate "2000.01.??"]
[EventType "swiss"]
[EventRounds "9"]
[EventCountry "GER"]
[SourceTitle "EXT 2001"]
[Source "ChessBase"]
[SourceDate "2000.11.22"]
[SourceVersion "1"]
[SourceVersionDate "2000.11.22"]
[SourceQuality "1"]

1. e4 g6 2. d4 Bg7 3. c3 d6 4. f4 e5 5. dxe5 Qh4+ 6. g3 Qe7 7. exd6 Qxe4+ 8. Qe2 Qxe2+ 9. Bxe2 cxd6 10. Nf3 Be6 11. 0-0 Ne7 12. Rd1 d5 13. Na3 0-0 14. Nb5 Nbc6 15. Nc7 Rad8 16. Nxe6 fxe6 17. Be3 Nf5 18. Bc5 Rfe8 19. Bb5 a6 20. Bxc6 bxc6 21. Ne5 Bxe5 22. fxe5 h5 23. Rd2 Rb8 24. Rf1 Rb7 25. Rf4 Rb5 26. b4 Rb7 27. a4 Ra8 28. a5 Rh7 29. Rf1 Rb8 30. Rc1 Rd7 31. Kg2 Kf7 32. Kf3 g5 33. Ke2 Kg6 34. Rf1 Rh7 35. Kd3 Rf7 36. Rdf2 Rbb7 37. Rf3 1/2-1/2

[Event "Hessenliga 9900"]
[White "Kloninger, Paul"]
[Black "Hoffmann, Alexander"]
[Site "Hessen"]
[Round "1.1"]
[Result "0-1"]
[Date "1999.09.26"]
[WhiteElo "2183"]
[BlackElo "2372"]
[PlyCount "110"]
[EventDate "1999.09.26"]
[EventType "team-tourn"]
[EventRounds "11"]
[EventCountry "GER"]
[SourceTitle "EXT 2002"]
[Source "ChessBase"]
[SourceDate "2001.11.25"]
[SourceVersion "1"]
[SourceVersionDate "2001.11.25"]
[SourceQuality "1"]

1. d4 Nf6 2. Bg5 c5 3. Bxf6 gxf6 4. d5 Qb6 5. Qc1 f5 6. g3 Bg7 7. c3 d6 8. Nd2 Nd7 9. Bg2 Nf6 10. Qc2 0-0 11. Nh3 e6 12. dxe6 fxe6 13. 0-0 d5 14. Nf4 Bd7 15. Rfe1 c4 16. e3 Qc5 17. Nf3 Rae8 18. Ne5 Bc8 19. Rad1 b5 20. a3 Ne4 21. Nf3 a5 22. Nh5 Bh8 23. Nh4 Qe7 24. Nf4 b4 25. axb4 axb4 26. Bxe4 fxe4 27. Nhg2 Bd7 28. Ra1 Ra8 29. Qd2 Rxa1 30. Rxa1 Qf6 31. Ra7 bxc3 32. bxc3 Bc8 33. Qd1 Bg7 34. h4 Kh8 35. Kh2 Qf5 36. h5 Bf6 37. Qe2 Rd8 38. g4 Qe5 39. Qb2 Qxc3 40. Qb6 Qe5 41. Rf7 Kg8 42. Qa7 h6 43. Kh3 Qg5 44. Ng6 e5 45. Kh2 Bxg4 46. Rh7 Qxh5+ 47. N2h4 Be6 48. Rh8+ Bxh8 49. Qe7 Qg5 50. Qxe6+ Kh7 51. Kh3 Qf6 52. Qg4 Bg7 53. Nxe5 Qxe5 54. Qg6+ Kh8 55. Qb6 Qf6 0-1